000 00731nam a2200193Ia 4500
999 _c39685
_d39685
001 6288
003 GE_BSU
005 20191022125143.0
008 181216s1945||||g |||||||||||||| ||ge ||
040 _cGE_BSU
080 _a821.353.1-1 ბ-25
100 _aბარათაშვილი, ნიკოლოზ
_94936
245 _aლექსები /
_cნიკოლოზ ბარათაშვილი ; რედ. ი. გრიშაშვილი.
264 _aთბილისი :
_bსახელგამი ;
_c1945.
300 _a116 გვ. ;
_c13 სმ.
653 _aლექსები
700 _aგრიშაშვილი, ი.
_eრედაქტორი
_94937
942 _cBK
_2udc